Skip to main content
Your cart is empty.
Your lists
Log in to create your own lists
Your cookies
العربية
English
العربية
Home
Search
Advanced search
Authority search
About
The noble scholar, jurist, historian
His Excellency Dr. Abdul Wahhab bin Ibrahim Abu Sulaiman, may Allah have mercy on him.
He was born in Umm Al-Qura in the year 1356 AH.
Library catalog
Title
Author
Subject
ISBN
ISSN
Series
Call number
Log in to your account
×
Login:
Password:
Home
MARC view: التعارض والترجيح عند الأصوليين وأثرهما في الفقه الإسلامي /
Normal view
MARC view
ISBD view
التعارض والترجيح عند الأصوليين وأثرهما في الفقه الإسلامي / (Record no. 9886)
[
view plain
]
MARC details
000 -LEADER
fixed length control field
02315cam a2200349 i 4500
003 - CONTROL NUMBER IDENTIFIER
control field
SA-RiAUC
005 - DATE AND TIME OF LATEST TRANSACTION
control field
20250713133954.0
008 - FIXED-LENGTH DATA ELEMENTS--GENERAL INFORMATION
fixed length control field
250710s1987 ua g b 00110 ara c
020 ## - INTERNATIONAL STANDARD BOOK NUMBER
Canceled/invalid ISBN
97714202400
024 0# - OTHER STANDARD IDENTIFIER
Standard number or code
00000000972628
040 ## - CATALOGING SOURCE
Original cataloging agency
SA-RiAUC
Language of cataloging
ara
Transcribing agency
SA-RiAUC
Modifying agency
AE-DuMBRL
Description conventions
rda
082 04 - DEWEY DECIMAL CLASSIFICATION NUMBER
Classification number
251.1
Assigning agency
SA-RiAUC
090 ## - LOCALLY ASSIGNED LC-TYPE CALL NUMBER (OCLC); LOCAL CALL NUMBER (RLIN)
Classification number (OCLC) (R) ; Classification number, CALL (RLIN) (NR)
251.1
Local cutter number (OCLC) ; Book number/undivided call number, CALL (RLIN)
ح ف ن
100 1# - MAIN ENTRY--PERSONAL NAME
Personal name
الحفناوي، محمد إبراهيم محمد
Relator term
مؤلف.
245 12 - TITLE STATEMENT
Title
التعارض والترجيح عند الأصوليين وأثرهما في الفقه الإسلامي /
Statement of responsibility, etc.
دكتور محمد إبراهيم الحفناوي.
250 ## - EDITION STATEMENT
Edition statement
الطبعة الثانية.
264 #1 - PRODUCTION, PUBLICATION, DISTRIBUTION, MANUFACTURE, AND COPYRIGHT NOTICE
Place of production, publication, distribution, manufacture
المنصورة [مصر] :
Name of producer, publisher, distributor, manufacturer
دار الوفاء للطباعة والنشر والتوزيع،
Date of production, publication, distribution, manufacture, or copyright notice
1987.
300 ## - PHYSICAL DESCRIPTION
Extent
431 صفحة ؛
Dimensions
24 × 17 سم
336 ## - CONTENT TYPE
Content type term
نص
Content type code
txt
Source
rdacontent
Materials specified
كتاب
337 ## - MEDIA TYPE
Media type term
بدون وسيط
Media type code
n
Source
rdamedia
338 ## - CARRIER TYPE
Carrier type term
مجلد
Carrier type code
nc
Source
rdacarrier
500 ## - GENERAL NOTE
General note
يشتمل على كشافات.
504 ## - BIBLIOGRAPHY, ETC. NOTE
Bibliography, etc. note
ببليوجرافية : صفحة 407-431.
520 ## - SUMMARY, ETC.
Summary, etc.
يتناول كتاب (التعارض والترجيح عند الأصوليين وأثرهما في الفقه الإسلامي) والذي قام بتأليفه د. محمد الحفناوي، موضوع (التعارض والترجيح) الكتاب يستعرض موضوع الأدلة المتعارضة في الكتاب السنة، وموقف علماء أصول الفقه من هذا التعارض، مع بيان الأسباب المؤدية إلى تعارض الأدلة، ومدلولات هذا التعارض وأقسامه وأركانه وشروطه ومجالاته وأحكامه، وتوضيح اتجاهات العلماء في الجمع بين الأدلة المتعارضة أو ترجيح بعضها على بعض، مع بيان شروط الترجيح وأحكامه ومجالاته.
650 #7 - SUBJECT ADDED ENTRY--TOPICAL TERM
Topical term or geographic name entry element
تعارض الأدلة (أصول فقه)
Source of heading or term
aucsh
650 #7 - SUBJECT ADDED ENTRY--TOPICAL TERM
Topical term or geographic name entry element
الترجيح (أصول فقه)
Source of heading or term
aucsh
650 #7 - SUBJECT ADDED ENTRY--TOPICAL TERM
Topical term or geographic name entry element
أصول الفقه الإسلامي
Source of heading or term
aucsh
650 #7 - SUBJECT ADDED ENTRY--TOPICAL TERM
Topical term or geographic name entry element
الأدلة الشرعية
Source of heading or term
aucsh
942 ## - ADDED ENTRY ELEMENTS (KOHA)
Source of classification or shelving scheme
Dewey Decimal Classification
Koha item type
Books
Suppress in OPAC
No
949 ## - LOCAL PROCESSING INFORMATION (OCLC)
a
SA-JeALM
d
250710
u
mohamedma123
n
1
Holdings
Withdrawn status
Lost status
Source of classification or shelving scheme
Damaged status
Not for loan
Home library
Current library
Date acquired
Total checkouts
Full call number
Barcode
Date last seen
Price effective from
Koha item type
Dewey Decimal Classification
DR AbdElwahab Library
DR AbdElwahab Library
07/13/2025
251.1 ح ف ن
000016029
07/13/2025
07/13/2025
Books
Dewey Decimal Classification
DR AbdElwahab Library
DR AbdElwahab Library
12/29/2025
251.1 ح ف ن
000022102
12/29/2025
12/29/2025
Books
Place hold
Print
Add to your cart
(remove)
Save record
BIBTEX
Dublin Core
MARCXML
MARC (non-Unicode/MARC-8)
MARC (Unicode/UTF-8)
MARC (Unicode/UTF-8, Standard)
MODS (XML)
RIS
ISBD
More searches
Search for this title in:
Other Libraries (WorldCat)
Other Databases (Google Scholar)
Online Stores (Bookfinder.com)
Open Library (openlibrary.org)
Exporting to Dublin Core...
×
Simple DC-RDF
OAI-DC
SRW-DC